| 000 | 00573nam a22001697a 4500 | ||
|---|---|---|---|
| 003 | PILC | ||
| 005 | 20250211150842.0 | ||
| 008 | 150604b xxu||||| |||| 00| 0 eng d | ||
| 050 |
_aT 58.4 _b.Su944 2010 |
||
| 100 | _aSuelila, Ralf Lemuel B. | ||
| 245 |
_aAutomated timekeeping and payroll system of rentokil initial / _cRalf Lemuel B. Suelila. |
||
| 260 |
_aLas PiƱas City : _bSISC, _c2010. |
||
| 300 |
_av, 38 pages : _b illustrations ; _c28 cm. |
||
| 500 | _aIncludes bibliographical references and appendices. | ||
| 650 | _aManagement system. | ||
| 942 |
_2lcc _cTH _kLOC |
||
| 999 |
_c284737 _d284737 |
||